| 000 | 00000nam##2200000za#4500 |
| 001 | 9.603066 |
| 003 | CaOODSP |
| 005 | 20220107122635 |
| 007 | cr ||||||||||| |
| 008 | 150406|1996||||xxc|||||o f|0| 0 fre|d |
| 040 | |aCaOODSP|bfre |
| 043 | |an-cn--- |
| 086 | 1 |aH71-2/51-65-1996F-PDF |
| 110 | 2 |aConseil consultatif national sur le troisième âge (Canada) |
| 245 | 13|aUn bref portrait du système de revenu de retraite du Canada |h[ressource électronique] |
| 260 | |aOttawa - Ontario : |bSanté Canada. |cc1996. |
| 300 | |a17p.|bréférences |
| 490 | 1 |aVignette vieillissement |
| 500 | |a«Cette quatrième série de Vignettes Vieillissement a été créée par le Conseil consultatif national sur le troisième âge (CCNTA) afin de fournir un portrait statistique du système de revenu de retraite canadien.»--Note aux lecteurs et lectrices. |
| 500 | |aSommaire : « Vignette vieillissement » nos 51 à 65. |
| 590 | |a12-03-Supp|b2012-02-14 |
| 691 | 07|aPension|2gcpds |
| 775 | 08|tA quick portrait of Canada's retirement income system |w(CaOODSP)9.572800 |
| 776 | 0#|tA quick portrait of Canada's retirement income system |w(CaOODSP)9.532576 |
| 776 | 0#|tUn bref portrait du système de revenu de retraite du Canada |w(CaOODSP)9.532577 |
| 830 | #0|aVignette vieillissement.|w(CaOODSP)9.503197 |
| 856 | 40|ahttp://publications.gc.ca|qPDF|s269 Ko|uhttps://publications.gc.ca/collections/Collection/H71-2-51-65-1996F.pdf |